Understanding Jurisprudence: (Record no. 1428845)
[ view plain ]
| 000 -LEADER | |
|---|---|
| fixed length control field | 00667nam a22002177a 4500 |
| 005 - DATE AND TIME OF LATEST TRANSACTION | |
| control field | 20250519162857.0 |
| 008 - FIXED-LENGTH DATA ELEMENTS--GENERAL INFORMATION | |
| fixed length control field | 250519b |||||||| |||| 00| 0 eng d |
| 037 ## - SOURCE OF ACQUISITION | |
| Terms of availability | Tb |
| 040 ## - CATALOGING SOURCE | |
| Original cataloging agency | LCT |
| Transcribing agency | LCT |
| 084 ## - COLON CLASSIFICATION NUMBER | |
| Classification number | Z,91 Q17 |
| 100 ## - MAIN ENTRY--PERSONAL NAME | |
| Personal name | Wacks, Raymond |
| 9 (RLIN) | 808970 |
| 245 ## - TITLE STATEMENT | |
| Title | Understanding Jurisprudence: |
| Remainder of title | an Introduction to Legal Theory ( |
| 250 ## - EDITION STATEMENT | |
| Edition statement | 5th ed. |
| 260 ## - PUBLICATION, DISTRIBUTION, ETC. | |
| Place of publication, distribution, etc. | London, United Kingdom: |
| Name of publisher, distributor, etc. | Oxford University Press, |
| Date of publication, distribution, etc. | 2017 |
| 300 ## - PHYSICAL DESCRIPTION | |
| Extent | xx, 407p. |
| 365 ## - TRADE PRICE | |
| Price amount | 39.99 GBP |
| Currency code | GBP |
| Unit of pricing | 39.99 |
| 650 ## - SUBJECT ADDED ENTRY--TOPICAL TERM | |
| Topical term or geographic name entry element | Law |
| 9 (RLIN) | 803352 |
| 650 ## - SUBJECT ADDED ENTRY--TOPICAL TERM | |
| Topical term or geographic name entry element | Jurisprudence |
| 9 (RLIN) | 754938 |
| 650 ## - SUBJECT ADDED ENTRY--TOPICAL TERM | |
| Topical term or geographic name entry element | Legal Theory |
| 9 (RLIN) | 803353 |
| 942 ## - ADDED ENTRY ELEMENTS (KOHA) | |
| Source of classification or shelving scheme | Colon Classification (CC) |
| Koha item type | Textbook |
| Classification part | Z,91 Q17 |
| Suppress in OPAC | No |
| Withdrawn status | Lost status | Source of classification or shelving scheme | Damaged status | Not for loan | Collection | Home library | Current library | Shelving location | Date acquired | Source of acquisition | Inventory number | Total Checkouts | Full call number | Barcode | Date last seen | Price effective from | Koha item type |
|---|---|---|---|---|---|---|---|---|---|---|---|---|---|---|---|---|---|
| Colon Classification (CC) | Non-fiction | Law Centre-II Library | Law Centre-II Library | General Stacks | 2025-05-19 | Prolific Publication | 318/15.01.2018 | Z,91 Q17 | LT0026522 | 2025-05-19 | 2025-05-19 | Textbook | |||||
| Colon Classification (CC) | Non-fiction | Law Centre-II Library | Law Centre-II Library | General Stacks | 2025-05-19 | Prolific Publication | 318/15.01.2018 | Z,91 Q17 | LT0026523 | 2025-05-19 | 2025-05-19 | Textbook | |||||
| Colon Classification (CC) | Non-fiction | Law Centre-II Library | Law Centre-II Library | General Stacks | 2025-05-19 | Prolific Publication | 318/15.01.2018 | Z,91 Q17 | LT0026524 | 2025-05-19 | 2025-05-19 | Textbook | |||||
| Colon Classification (CC) | Non-fiction | Law Centre-II Library | Law Centre-II Library | General Stacks | 2025-05-19 | Prolific Publication | 318/15.01.2018 | Z,91 Q17 | LT0026525 | 2025-05-19 | 2025-05-19 | Textbook |
